Normal view
MARC view
Entry Personal Name
001 - CONTROL NUMBER
- control field: 252272
003 - CONTROL NUMBER IDENTIFIER
- control field: OSt
005 - DATE AND TIME OF LATEST TRANSACTION
- control field: 20260122163044.0
008 - FIXED-LENGTH DATA ELEMENTS
- fixed length control field: 260122|| aca||aabn | a|a d
040 ## - CATALOGING SOURCE
- Original cataloging agency: OSt
- Transcribing agency: OSt
100 ## - HEADING--PERSONAL NAME
- Personal name: Sondhi, Ashwinpaul C
670 ## - SOURCE DATA FOUND
- Source citation: Work cat.: (OSt)182266: White, Gerald I. 252268, Analysis and use of financial statements /, 2006.